header

Type 2 diabetes (Record no. 222191)

MARC details
000 -LEADER
fixed length control field 01121nam a2200301Ia 4500
100 1# - MAIN ENTRY--AUTHOR NAME
Personal name Fox, Charles.
245 10 - TITLE STATEMENT
Title Type 2 diabetes
250 ## - EDITION STATEMENT
Edition statement 6th ed.
260 ## - PUBLICATION, DISTRIBUTION, ETC. (IMPRINT)
Place of publication London :
Name of publisher Class Publishing,
Year of publication c2007.
300 ## - PHYSICAL DESCRIPTION
Number of Pages xvii, 315 p. :
Other physical details ill.
500 ## - GENERAL NOTE
General note Includes index.
650 #0 - SUBJECT ADDED ENTRY--TOPICAL TERM
Topical Term Diabetes.
Topical Term Non-insulin-dependent diabetes.
700 1# - ADDED ENTRY--PERSONAL NAME
Personal name Kilvert, Anne.
856 40 - ELECTRONIC LOCATION AND ACCESS
Uniform Resource Identifier http://site.ebrary.com/lib/rucke/Doc?id=10202446

No items available.

© 2026 Rongo University
Contact us: librarian | system librarian | Rongo university